000 00876nab a2200277 4500
003 BR-BrBNA
005 20260220233441.0
008 260220b bl.||||| |||| 00| 0 por d
040 _aBR-BrBNA
_bpor
072 _aL01 ; Q02 ; Q04 ; E70 ; E71
_b9700 ; 9702 ; 9704 ; 9705
100 _aSantos, Bruno
245 _aAos olhos da China
_bAgroeconomia
500 _a3 illus.
650 _aPROTEÍNA DE ORIGEM ANIMAL
650 _aBOVINO
650 _aFRANGO
650 _aSUÍNO
650 _aCARNE
650 _aAGREGAÇÃO DE VALOR
650 _aCOMERCIALIZAÇÃO
650 _aEXPORTAÇÃO
650 _aCHINA
773 0 _01706
_9348139
_dSão Paulo-SP Editora Três Ltda - E-mail: luizfsa@revistadinheiro.com.br 2004
_o2025-0630
_tDinheiro Rural (Brazil)
_x1807-3700
_gv. 9(117) p. 36-37; (Aug 2014)
_wBR2025005964
942 _cANA
999 _c340118
_d340118